000
00300nam a2200109Ia 4500
008
220630s9999 xx 000 0 und d
020
_a
978 0 7993 3005 1
082
_a
AF VAND
100
_a
Van Der Merwe, Marie
_9
65442
245
0
_a
Hartedief
942
_c
BK
_w
561
_x
John Tresidder
_y
296
_z
Phillipina Naude
999
_c
699668
_d
699667